Lubricant Film Behavior In Spur Gears / (رقم التسجيلة. 165137)

تفاصيل مارك
000 -LEADER
fixed length control field 02420nam a2200301Ia 4500
005 - DATE AND TIME OF LATEST TRANSACTION
control field 20250223033150.0
008 - FIXED-LENGTH DATA ELEMENTS--GENERAL INFORMATION
fixed length control field 231030s9999 xx 000 0 und d
049 ## - LOCAL HOLDINGS (OCLC)
Holding library Deposit
082 ## - DEWEY DECIMAL CLASSIFICATION NUMBER
Classification number 620
097 ## - Thesis Degree
Thesis Level M.Sc
099 ## - LOCAL FREE-TEXT CALL NUMBER (OCLC)
Classification number Cai01.13.13.M.Sc.2022.Mu.L
100 ## - MAIN ENTRY--PERSONAL NAME
Personal name Gamal Mustafa Ahmed Ahmed Sallam,
245 ## - TITLE STATEMENT
Title Lubricant Film Behavior In Spur Gears /
246 ## - VARYING FORM OF TITLE
Title proper/short title Gamal Mustafa Ahmed Ahmed Sallam ; Mokhtar Omar Abbas Mokhtar, Nabil Abdel-Hamid Gadallah, Mohamed Lotfi Eid Shaltout.
260 ## - PUBLICATION, DISTRIBUTION, ETC.
Date of publication, distribution, etc. 2022.
336 ## - CONTENT TYPE
Source rda content
Content type term text
337 ## - MEDIA TYPE
Source rdamedia
Media type term Unmediated
338 ## - CARRIER TYPE
Source rdacarrier
Carrier type term volume
502 ## - DISSERTATION NOTE
Dissertation note Thesis (M.Sc.)-Cairo University,2022. Thesis (Ph.D)-Cairo University,2022.
504 ## - BIBLIOGRAPHY, ETC. NOTE
Bibliography, etc. note Bibliography: p. 30-35.
520 ## - SUMMARY, ETC.
Summary, etc. يقدم البحث الحالي دراسه تحليليه و عمليه للفهم الشامل لسلوك التزييت أثناء دوران التروس. الأسلوب التحليلي الحالي يحاكي شبكة اسنان التروس بواسطة أقراص صلبة مكافئة. أظهرت النتائج على آلية تكوين طبقة زيوت التشحيم أن كلاً من الإجراءات الهيدروديناميكية والضغط تساهم في تكوين طبقة زيوت التزليق. تعد مساهمة تأثير الضغط أكثر فاعلية في تزييت التروس من تلك الناتجة عن العمل الهيدروديناميكي. تحدد الظروف الديناميكية والتلامسية المعقدة في التروس أثناء نقل الطاقة قيم سماكة الفيلم المتولدة بين أسنان التروس المتشابكة. من الناحيه العمليه فلقد تم تصميم جهاز و اسلوب قياس لقياس سمك طبقه زيت التزليق بين الاسنان المتشابكه اثناء دوران التروس . واوضحت النتائج تطابق النتائج العمليه مع النظريه في تغير سمك طبقه زيت التزليق بين الاسنان المتشابكه منذ بدء التلامس من قيمه مرتفعه لتتناقص الي قيمه صغري عند نهايه التشابك.
650 ## - SUBJECT ADDED ENTRY--TOPICAL TERM
Topical term or geographic name entry element Mechanical Design
653 ## - INDEX TERM--UNCONTROLLED
Uncontrolled term lubrication
700 ## - ADDED ENTRY--PERSONAL NAME
Personal name Nabil Abdel-Hamid Gadallah.
856 ## - ELECTRONIC LOCATION AND ACCESS
Uniform Resource Identifier <a href="http://172.23.153.220/th.pdf">http://172.23.153.220/th.pdf</a>
905 ## - LOCAL DATA ELEMENT E, LDE (RLIN)
Cataloger Mohamady
942 ## - ADDED ENTRY ELEMENTS (KOHA)
Koha item type Thesis
Source of classification or shelving scheme Dewey Decimal Classification
المقتنيات
Source of classification or shelving scheme Not for loan Home library Current library Date acquired Full call number Barcode Date last seen Koha item type
Dewey Decimal Classification   المكتبة المركزبة الجديدة - جامعة القاهرة قاعة الرسائل الجامعية - الدور الاول 11.02.2024 Cai01.13.13.M.Sc.2022.Mu.L 01010110087242000 30.10.2023 Thesis
Cairo University Libraries Portal Implemented & Customized by: Eng. M. Mohamady Contacts: new-lib@cl.cu.edu.eg | cnul@cl.cu.edu.eg
CUCL logo CNUL logo
© All rights reserved — Cairo University Libraries
CUCL logo
Implemented & Customized by: Eng. M. Mohamady Contact: new-lib@cl.cu.edu.eg © All rights reserved — New Central Library
CNUL logo
Implemented & Customized by: Eng. M. Mohamady Contact: cnul@cl.cu.edu.eg © All rights reserved — Cairo National University Library